| 000 | 01053nam a2200289 a 4500 | ||
|---|---|---|---|
| 001 | 9123 | ||
| 003 | BD RJUL | ||
| 005 | 20211208234724.0 | ||
| 008 | 200114s1948 enk b 000 0 eng d | ||
| 035 | _aBD RJUL | ||
| 040 |
_aDLC _cBXM _dBXM _dBD RJUL _beng |
||
| 041 | _aeng | ||
| 082 |
_a942 _bKES 1948 |
||
| 100 | 1 |
_aKeith, Arthur Berriedale, _d1879-1944. _95639 |
|
| 245 | 1 | 0 |
_aSpeeches and documents on the British dominions, 1918-1931 : _bfrom self-government to national sovereignty / _cedited with an introduction and notes by Arthur Berriedale Keith |
| 260 |
_aLondon : _bOxford University Press, H. Milford, _c1932 [Reprinted 1948] |
||
| 300 |
_axlvii, 501 p. ; _c16 cm |
||
| 504 | _a"Sources": p. [xiii]-xiv | ||
| 650 | 0 |
_aImperial federation _97461 |
|
| 651 | 0 |
_aGreat Britain _xPolitics and government _y1910-1936 _97222 |
|
| 651 | 0 |
_aGreat Britain _xColonies _928319 |
|
| 651 | 0 |
_aGreat Britain _xForeign relations _y1910-1936 _928320 |
|
| 830 | 0 |
_v403 _928321 |
|
| 830 | 0 |
_aWorld's classics ; _928322 |
|
| 942 |
_2ddc _cBK |
||
| 999 |
_c9123 _d9123 |
||